| 000 | 00915nam a22002777a 4500 | ||
|---|---|---|---|
| 001 | 9266 | ||
| 003 | FISKH | ||
| 005 | 20251208161111.0 | ||
| 008 | 251208b cb ||||| |||| 00| 0 eng d | ||
| 020 | _a9780862032036 | ||
| 040 |
_aFISKH _beng _cFISKH _dFISKH |
||
| 050 | _aPZ7.H855 N | ||
| 082 | _a813.54 | ||
| 100 |
_aHuddy, Delia _eAuthor |
||
| 245 |
_aThe nearly terrible birthday / _cDelia Huddy ; Illustrated by Kate Rogers |
||
| 260 |
_aLondon : _bJulia MacRae Books , _c1984 |
||
| 300 |
_a47 pages : _billustrations ; _c21 cm |
||
| 505 | _aJ | ||
| 520 | _a"Wednesday's child is full of woe" says the birthday rhyme and Minty is sure that is why, on the day before her eighth birthday, something dreadful happens. | ||
| 521 | 8 |
_a450
_bLexile estimate |
|
| 521 | 8 |
_aJ
_bRaz-Plus |
|
| 650 |
_aBirthday _vTerrible |
||
| 700 |
_aRogers, Kate _eIllustrator |
||
| 942 |
_2ddc _cBK _n0 |
||
| 999 |
_c9266 _d9266 |
||